|
|
|
|
| LEADER |
00892pam a22002658a 4500 |
| 001 |
00023773 |
| 005 |
20171026081023.0 |
| 008 |
110629s1999 ||||||engsd |
| 020 |
# |
# |
|a 0538687592
|
| 041 |
0 |
# |
|a eng
|
| 082 |
0 |
4 |
|b A100P
|a 004.7
|
| 245 |
0 |
0 |
|a Applied computer keyboarding
|b Jerry W. Robinson, Jack P. Hoggatt, Jon A. Shank, Lee R. Beaumont
|
| 250 |
# |
# |
|a 4th ed
|
| 260 |
# |
# |
|a Cicinnati, Ohio
|b South-Western Educational Publishing
|c 1999
|
| 300 |
# |
# |
|a xv, 192, [15] p.
|b ill.
|c 28 cm.
|
| 650 |
# |
4 |
|a Sử dụng bàn phím
|
| 650 |
# |
4 |
|a Xử lý dữ liệu điện tử
|
| 700 |
1 |
# |
|a Beaumont, Lee R.
|
| 700 |
1 |
# |
|a Hoggatt, Jack
|
| 700 |
1 |
# |
|a Robinson, Jerry W.
|
| 700 |
1 |
# |
|a Shank, Jon A.
|
| 852 |
# |
# |
|b Kho đọc
|j KD.0008291
|
| 852 |
# |
# |
|j KD.0008291
|
| 910 |
|
|
|d 29/06/2011
|
| 980 |
# |
# |
|a Trung tâm Học liệu Lê Vũ Hùng, Trường Đại học Đồng Tháp
|